header

Britain as a military power, 1688-1815 (Record no. 166489)

MARC details
000 -LEADER
fixed length control field 01343nam a2200349Ia 4500
082 04 - DEWEY DECIMAL CLASSIFICATION NUMBER
Classification number 355/.00941/0903
100 1# - MAIN ENTRY--AUTHOR NAME
Personal name Black, Jeremy.
245 10 - TITLE STATEMENT
Title Britain as a military power, 1688-1815
260 ## - PUBLICATION, DISTRIBUTION, ETC. (IMPRINT)
Place of publication London :
Name of publisher UCL Press,
Year of publication 1999.
300 ## - PHYSICAL DESCRIPTION
Number of Pages viii, 332 p. :
Other physical details ill., maps.
650 #0 - SUBJECT ADDED ENTRY--TOPICAL TERM
Topical Term Military history.
856 40 - ELECTRONIC LOCATION AND ACCESS
Uniform Resource Identifier http://site.ebrary.com/lib/rucke/Doc?id=10054814

No items available.

© 2026 Rongo University
Contact us: librarian | system librarian | Rongo university